000 00842nam a2200241 i 4500
001 67373
003 ES-MaACL
005 20230906170044.0
007 t|
008 040520s2003 sp |||| | spa d
020 _a84-96044-19-X
080 _a821.134.2-293.8"19"
080 _a654.197-053.2
100 1 _aAlba Rico, Santiago.
_919206
245 1 1 _a¡Viva la CIA! ¡Viva la economía! /
_cSantiago Alba Rico.
250 _a1ª ed.
260 _aBarcelona :
_bVirus,
_c2003.
300 _a150 p., [8] p. de lám. col. ;
_c21 cm.
500 _aRecoge 13 guiones del espacio televisivo "Los Electroduendes" emitidos en el programa "La Bola de Cristal" de TVE de octubre de 1984 a septiembre de 1988.
650 1 4 _aTelevisión-
_xProgramas infantiles.
_917449
650 _aTelevisión y niños.
_9166178
852 _aES-MaACL
_jL-27581
999 _c67373
_d67373